| 000 | 00820cam a2200229 4500 | ||
|---|---|---|---|
| 001 | ABS61847 | ||
| 008 | 000000n2000 000 0 eng u | ||
| 035 | _a(Sirsi) u104032 | ||
| 100 | _aWilliams, H. | ||
| 245 | _aCreating woodlands on farmland | ||
| 260 | _c2000 | ||
| 490 |
_aForestry and British Timber _v29(1) January 2000, 32-35(3) |
||
| 520 | _aDiscusses how farmers have responded to the National Forest Tender Scheme - a project focusing on the creation of new woodland. During the last 5 years over 810 hectares have been created by farmers on their farmland. Statistics. | ||
| 590 | _aABS | ||
| 650 | _aWOODLANDS | ||
| 650 | _aFARMLAND | ||
| 650 | _aFARMERS | ||
| 650 | _aNATIONAL FOREST TENDER SCHEME | ||
| 650 | _aWOODLAND MANAGEMENT | ||
| 690 | _aRURAL-AGRICULTURE AND FORESTRY | ||
| 942 | _n0 | ||
| 999 |
_c62436 _d62436 |
||